01395nam a2200349 a 4500008004100000020001900041040002500060044001100085072001200096080002900108080001200137080001400149080002000163080001000183245031300193246005900506246005900565250001400624260003800638300002700676500008000703500001000783504002100793650005800814650001700872650003100889650003400920650002000954700002600974700003701000041000801037040709s2003||||xo ab 0 slo c a8096888153c10 aSNKbslocSNKeAACR2 axocSK 7a592SNK a599.742.2(082)=162.4=111 a502.172 a599.742.2 a502.172:592/599 a(063)10aVýznam veľkých šeliem v strednej Európebmedzinárodná odborná konferencia, 11.-12. apríl 2002, Informačné centrum Správy NP Poloniny, Nová Sedlicac[editori: Robin Rigg, Katarína Baleková]n1. časťpKomplexné riešenie problému synantropných medveďov (Ursus arctos)10aThe Significance of Large Carnivores in Central Europe11aThe Significance of Large Carnivores in Central Europe a[1. vyd.] aBratislavabSloboda zvieratc2003 a141 s.bfotogr.c21 cm aSúbež. názov a text angl. Čiast. text čes. Ilustr. na tit. strane aZozn. aBibliogr. odkazy07amedvedexochranazEurópa strednáxzborníky2SNK07amedvede2SNK07asynantropné medvede2SNK07aochrana živočíchov2SNK07aZoológia2SNK1 aRigg, Robin4edi4fot1 aBaleková, Katarína4edi4fot aslo